WWE Champions by Year - 2019 - Statistics

General Stats
  • This quiz has been taken 257 times
  • The average score is 93 of 149
Answer Stats
Title Date Event Wrestler % Correct
Smackdown Tag Team July 14 Extreme Rules Big E
97%
Smackdown Tag Team November 8 Smackdown Kofi Kingston
97%
United States January 29 Smackdown R-Truth
97%
24/7 May 20 Raw R-Truth
97%
24/7 May 28 Smackdown R-Truth
97%
24/7 June 2 WWE on YouTube R-Truth
97%
24/7 June 4 Smackdown R-Truth
97%
24/7 June 6 WWE on YouTube R-Truth
97%
24/7 June 20 WWE on YouTube R-Truth
97%
24/7 June 24 Raw R-Truth
97%
24/7 June 24 Raw R-Truth
97%
24/7 July 15 Raw R-Truth
97%
24/7 July 22 Raw Reunion R-Truth
97%
24/7 August 5 Raw R-Truth
97%
24/7 August 12 Raw R-Truth
97%
24/7 August 24 Fox Sports Founders Day R-Truth
97%
24/7 September 3 Smackdown R-Truth
97%
24/7 September 9 Raw R-Truth
97%
24/7 September 16 Raw R-Truth
97%
24/7 September 20 Live event R-Truth
97%
24/7 September 21 Live event R-Truth
97%
24/7 September 22 Live event R-Truth
97%
24/7 October 6 Hell in a Cell R-Truth
97%
24/7 October 31 Crown Jewel: Kickoff R-Truth
97%
24/7 November 18 Raw R-Truth
97%
24/7 November 19 WWE on YouTube R-Truth
97%
24/7 December 2 Raw R-Truth
97%
24/7 December 23 Raw R-Truth
97%
24/7 December 26 Live event R-Truth
97%
24/7 December 27 Live event R-Truth
97%
24/7 December 28 Live event R-Truth
97%
24/7 December 29 Live event R-Truth
97%
24/7 December 31 Fox's New Year's Eve R-Truth
97%
Smackdown Tag Team July 14 Extreme Rules Xavier Woods
97%
Raw Women's April 7 WrestleMania 35 Becky Lynch
96%
Smackdown Women's April 7 WrestleMania 35 Becky Lynch
96%
Universal April 7 WrestleMania 35 Seth Rollins
96%
Universal August 11 SummerSlam Seth Rollins
96%
Raw Tag Team August 19 Raw Seth Rollins
96%
WWE Championship October 4 Smackdown: 20th Anniversary Brock Lesnar
95%
Universal July 14 Extreme Rules Brock Lesnar
95%
Smackdown Women's March 26 Smackdown Charlotte Flair
95%
Smackdown Women's May 19 Money in the Bank Charlotte Flair
95%
Smackdown Women's October 6 Hell in a Cell Charlotte Flair
95%
Smackdown Tag Team November 8 Smackdown Big E
92%
Universal October 31 Crown Jewel Bray Wyatt
92%
WWE Championship April 7 WrestleMania 35 Kofi Kingston
91%
Smackdown Women's May 19 Money in the Bank Bayley
89%
Smackdown Women's October 11 Smackdown Bayley
89%
Women's Tag Team February 17 Elimination Chamber Bayley
89%
Smackdown Tag Team February 17 Elimination Chamber Jey Uso
84%
Smackdown Tag Team February 17 Elimination Chamber Jimmy Uso
84%
Women's Tag Team February 17 Elimination Chamber Sasha Banks
84%
Smackdown Tag Team January 27 Royal Rumble The Miz
82%
Raw Tag Team August 19 Raw Braun Strowman
78%
Intercontinental February 17 Elimination Chamber Finn Balor
77%
Intercontinental April 7 WrestleMania 35 Finn Balor
77%
Intercontinental July 14 Extreme Rules: Kickoff Shinsuke Nakamura
76%
United States January 27 Royal Rumble: Kickoff Shinsuke Nakamura
76%
Raw Tag Team September 15 Clash of Champions Dolph Ziggler
74%
United States July 14 Extreme Rules AJ Styles
73%
United States May 19 Money in the Bank Rey Mysterio
72%
United States November 25 Raw Rey Mysterio
72%
Intercontinental January 14 Raw Bobby Lashley
71%
Intercontinental March 11 Raw Bobby Lashley
71%
Raw Tag Team July 29 Raw Karl Anderson
71%
Raw Tag Team July 29 Raw Luke Gallows
71%
Raw Tag Team September 15 Clash of Champions Robert Roode
71%
24/7 May 20 Raw Robert Roode
71%
Women's Tag Team April 7 WrestleMania 35 Peyton Royce
68%
United States March 5 Smackdown Samoa Joe
68%
United States June 3 Raw Samoa Joe
68%
Women's Tag Team April 7 WrestleMania 35 Billie Kay
67%
Women's Tag Team August 5 Raw Alexa Bliss
65%
Smackdown Tag Team January 27 Royal Rumble Shane McMahon
65%
24/7 September 23 Raw Carmella
64%
24/7 October 4 Smackdown: 20th Anniversary Carmella
64%
24/7 June 2 WWE on YouTube Jinder Mahal
63%
24/7 June 6 WWE on YouTube Jinder Mahal
63%
Women's Tag Team October 6 Hell in a Cell Asuka
60%
Smackdown Tag Team May 7 Smackdown Daniel Bryan
60%
Smackdown Tag Team April 9 Smackdown Jeff Hardy
60%
Women's Tag Team August 5 Raw Nikki Cross
60%
Smackdown Tag Team April 9 Smackdown Matt Hardy
59%
Raw Tag Team April 7 WrestleMania 35: Kickoff Curt Hawkins
58%
Raw Tag Team February 11 Raw Dash Wilder
58%
Raw Tag Team June 10 Raw Dash Wilder
58%
Smackdown Tag Team September 15 Clash of Champions Dash Wilder
58%
24/7 August 12 Raw Dash Wilder
58%
Raw Tag Team April 7 WrestleMania 35: Kickoff Zack Ryder
58%
Raw Tag Team February 11 Raw Scott Dawson
57%
Raw Tag Team June 10 Raw Scott Dawson
57%
Smackdown Tag Team September 15 Clash of Champions Scott Dawson
57%
24/7 August 12 Raw Scott Dawson
57%
Women's Tag Team October 6 Hell in a Cell Kairi Sane
55%
24/7 May 20 Raw Titus O'Neil
55%
24/7 December 23 Raw Akira Tozawa
52%
Smackdown Tag Team May 7 Smackdown Rowan
52%
United States June 23 Stomping Grounds Ricochet
51%
United States December 26 Live event Andrade
49%
24/7 June 24 Raw Cedric Alexander
48%
24/7 June 18 Smackdown Drake Maverick
47%
24/7 July 1 Raw Drake Maverick
47%
24/7 July 22 Raw Reunion Drake Maverick
47%
24/7 July 22 Raw Reunion Drake Maverick
47%
24/7 August 27 Smackdown Drake Maverick
47%
24/7 September 3 Smackdown Drake Maverick
47%
24/7 September 16 Raw Mayor Glenn Jacobs
47%
Cruiserweight June 23 Stomping Grounds: Kickoff Drew Gulak
42%
24/7 October 6 Hell in a Cell Tamina Snuka
37%
Cruiserweight April 7 WrestleMania 35: Kickoff Tony Nese
36%
Raw Tag Team October 14 Raw Erik
35%
Raw Tag Team October 14 Raw Ivar
34%
24/7 July 22 Raw Reunion Kelly Kelly
32%
24/7 July 22 Raw Reunion Pat Patterson
29%
24/7 December 31 Fox's New Year's Eve Mojo Rawley
26%
24/7 July 22 Raw Reunion Alundra Blayze
25%
24/7 July 22 Raw Reunion Ted DiBiase
25%
24/7 May 28 Smackdown Elias
22%
24/7 June 4 Smackdown Elias
22%
24/7 August 12 Raw Elias
22%
24/7 August 24 Fox Sports Founders Day Elias
22%
24/7 June 24 Raw EC3
21%
24/7 September 20 Live event EC3
21%
24/7 September 21 Live event EC3
21%
24/7 September 22 Live event EC3
21%
24/7 June 24 Raw Heath Slater
21%
24/7 July 22 Raw Reunion Candice Michelle
18%
24/7 October 31 Crown Jewel Samir Singh
18%
24/7 December 26 Live event Samir Singh
18%
24/7 December 27 Live event Samir Singh
18%
24/7 December 28 Live event Samir Singh
18%
24/7 December 29 Live event Samir Singh
18%
24/7 October 21 Raw Sunil Singh
18%
24/7 December 26 Live event Sunil Singh
18%
24/7 December 27 Live event Sunil Singh
18%
24/7 December 29 Live event Sunil Singh
18%
24/7 July 22 Raw Reunion Gerald Brisco
17%
24/7 September 3 Smackdown Bo Dallas
16%
24/7 July 29 Raw Maria Kanellis
16%
24/7 July 29 Raw Mike Kanellis
16%
24/7 August 5 Raw Mike Kanellis
16%
24/7 December 23 Raw Santa Claus
15%
24/7 October 4 Smackdown: 20th Anniversary Marshmello
14%
24/7 September 9 Raw Enes Kanter
13%
24/7 December 2 Raw Kyle Busch
11%
24/7 December 27 Live event Mike Rome
8%
24/7 August 24 Fox Sports Founders Day Rob Stone
5%
24/7 November 19 WWE on YouTube Michael Giaccio
4%
No matching quizzes found
Score Distribution
Percent of People with Each Score
Percentile by Number Answered
Your Score History
You have not taken this quiz